| 000 | 00500pab a2200181 454500 | ||
|---|---|---|---|
| 008 | 180718b1999 xxu||||| |||| 00| 0 eng d | ||
| 100 | _aFauhi, Wang | ||
| 245 | _aModelling urban population densities in Beijing 1982-90: suburbanisation and its causes | ||
| 260 | _c1999 | ||
| 300 | _ap.271-87 | ||
| 362 | _aFeb | ||
| 650 | _aUrbanization - China | ||
| 650 | _aPopulation density - China | ||
| 650 | _aPopulation density | ||
| 700 | _aYixing Zhou | ||
| 773 | _aUrban Studies | ||
| 909 | _a41277 | ||
| 999 |
_c41277 _d41277 |
||